| 000 | 00644nam a2200181 i 4500 | ||
|---|---|---|---|
| 001 | 149510 | ||
| 003 | ES-MaACL | ||
| 005 | 20250809062557.0 | ||
| 007 | t| | ||
| 008 | 071023s1910 sp ||||1| spa d | ||
| 100 | 1 |
_aVarela y Romero, Diego. _9113176 |
|
| 245 | 1 | 3 |
_aEl derecho y las ciencias sociales _b: función social del derecho y sus cultivadores : tesis doctoral / _cDiego Varela y Romero. |
| 260 |
_aGranada : _b[s.n.], _c1910 ( _fImp. F. Gómez de la Cruz) |
||
| 300 |
_a58 p. ; _c21 cm. |
||
| 650 | 4 |
_aDerecho- _xFilosofía _911620 |
|
| 852 |
_aES-MaACL _jT-1208-F-3 _z.- Dedicatoria manuscrita del autor |
||
| 999 |
_c149510 _d149510 |
||